Danish Empire - Statistics

General Stats
  • This quiz has been taken 728 times
  • The average score is 8 of 12
Answer Stats
Countries % Correct
Norway
96%
Sweden
95%
Germany
85%
Iceland
83%
Greenland
77%
Denmark
74%
United States
65%
Estonia
61%
Faroe Islands
54%
India
39%
Ghana
36%
Bangladesh
11%
No matching quizzes found
Score Distribution
Percent of People with Each Score
Percentile by Number Answered
Your Score History
You have not taken this quiz